| 000 | 01800nam a22004210a 4500 | ||
|---|---|---|---|
| 001 | PT14894 | ||
| 003 | AR-LpoUNG | ||
| 005 | 20210516202705.0 | ||
| 008 | 191001s2001||||ag |||||||||||||||||spa d | ||
| 040 |
_aAR-LpoUNG _bspa _cAR-LpoUNG _eaacr |
||
| 041 | _aspa | ||
| 044 | _aag | ||
| 082 | 0 | _a306.01 678sal | |
| 111 | 2 | _aCongreso Regional de la Cultura, 1, San Miguel, 2001 | |
| 245 | 1 | 0 | _aSalvemos al colibrí! |
| 260 |
_aBuenos Aires : _bSOFOVIAL, _c2001. |
||
| 505 | 0 | _aPrograma de Desarrollo Local | |
| 520 | _a<p>Un enorme baldío de 18.000 m2, un gigantesco basural, un lugar peligroso para los vecinos de San Miguel Oeste. La comunidad se organiza y transforma este espacio abandonado en la Asociación Civil "El Colibrí". Actividades sociales, deportivas, culturales. El espacio para la educación física que los colegios de la zona no tenían. Pero otros intereses rondan al Colibrí, quienes pretenden privatizarlo o usarlo como patrimonio político.</p> | ||
| 650 | 4 | _aACUERDOS CULTURALES | |
| 650 | 4 | _aARTE | |
| 650 | 4 | _aCULTURA POPULAR | |
| 650 | 4 | _aCULTURA TRADICIONAL | |
| 650 | 4 | _aDERECHO A LA CULTURA | |
| 650 | 4 | _aDESARROLLO CULTURAL | |
| 650 | 4 | _aDIFUSION DE LA CULTURA | |
| 650 | 4 | _aFACTORES CULTURALES | |
| 650 | 4 | _aIDENTIDAD CULTURAL | |
| 650 | 4 | _aPOLITICA CULTURAL | |
| 650 | 4 | _aSOCIEDAD | |
| 650 | 4 | _aSOFOVIAL | |
| 653 | _aVIDEOS | ||
| 710 | 2 | _aSociedad de Fomento del Video Alternativo (Buenos Aires) | |
| 710 | 2 | _aSociedad de Fomento del Video Alternativo (Buenos Aires) | |
| 710 | 2 | _aUniversidad Nacional de General Sarmiento. Instituto del Conurbano | |
| 710 | 2 | _aUniversidad Nacional de General Sarmiento. Instituto del Conurbano | |
| 905 | _a14894 | ||
| 942 | _cVIDEO | ||
| 999 |
_c54195 _d54195 |
||